Normal view
MARC view
- الأردن - أحوال اقتصادية -غرفة تجارة عمان (الأردن)
Entry Topical Term
001 - CONTROL NUMBER
- control field: 40797
003 - CONTROL NUMBER IDENTIFIER
- control field: JO-AjAnu
005 - DATE AND TIME OF LATEST TRANSACTION
- control field: 20230606080757.0
008 - FIXED-LENGTH DATA ELEMENTS
- fixed length control field: 230606|| aca||aabn | a|a d
040 ## - CATALOGING SOURCE
- Original cataloging agency: JO-AjAnu
- Transcribing agency: JO-AjAnu
150 ## - HEADING--TOPICAL TERM
- Topical term or geographic name entry element: الأردن - أحوال اقتصادية -غرفة تجارة عمان (الأردن)
670 ## - SOURCE DATA FOUND
- Source citation: Work cat.: (JO-AjAnu)20910: غرفة تجارة عمان, author 40796, مجموعة دراسات اقتصادية للعام2011